All Hermitcraft Season 9 Accounts - Statistics

General Stats
  • This quiz has been taken 10 times
  • The average score is 24 of 72
Answer Stats
Account type Answer % Correct
Main Grian
100%
Main Etho
71%
Main GeminiTay
71%
Main Mumbo
71%
Former Main MumboJumbo
71%
Main Xisuma
71%
Main BdoubleO100
57%
Camera PearlescentMoo
57%
Main PearlescentMoon
57%
Guest Smallishbeans
57%
Guest SolidarityGaming
57%
Main Tango
57%
Main Welsknight
57%
Main Zedaph
57%
Main ZombieCleo
57%
Camera BadTimeWithScar
43%
Main Docm77
43%
Lore EvilXisuma
43%
Main falsesymmetry
43%
Main GoodTimeWithScar
43%
Main impulseSV
43%
Main iskall85
43%
Main joehillssays
43%
Guest Skizzleman
43%
Guest Smajor1995
43%
Camera TwoMuchGrian
43%
Main cubfan135
29%
Guest fWhip
29%
Camera HumanCleo
29%
Main hypnotizd
29%
Main iJevin
29%
Guest InTheLittleWood
29%
Camera isGall85
29%
Admin Jessassin
29%
Main Keralis1
29%
Guest LDShadowLady
29%
Guest MythicalSausage
29%
Guest Pixlriffs
29%
Main Stressmonster101
29%
Camera TangoCam
29%
Camera truesymmetry
29%
Main VintageBeef
29%
Main xBCrafted
29%
Camera xisumavoid
29%
Camera ZedCam
29%
Camera CamM77
14%
Camera Cub_Cam
14%
Guest Firecracker1195
14%
Camera GIGACAM
14%
Guest gnembon
14%
Guest HBomb94
14%
Camera HypnotizdCam
14%
Camera ImpulseCam
14%
Camera _Jevination_
14%
Camera joehillssees
14%
Camera Kamalis1
14%
Camera KarinSurfing
14%
Guest kingbdogz
14%
Admin Maescool
14%
Guest Minerva246
14%
Camera MumboDrone
14%
Guest OrionSound
14%
Main Renthedog
14%
Lore RentheKing
14%
Guest ShubbleYT
14%
Guest slicedlime
14%
Unknown STEAKFG
14%
Camera Stressmonsterin
14%
Main Tinfoilchef
14%
Unknown Watcher_Grian
14%
Camera WelsCam
14%
Camera xBCam
14%
No matching quizzes found
Score Distribution
Percent of People with Each Score
Percentile by Number Answered
Your Score History
You have not taken this quiz